Lectures on the mathematics of finance

Saved in:
Bibliographic Details
Main Author: Καρατζάς, Ιωάννης
Format: Book
Language:English
Published: Providence, Rhode island : American Mathematical Society, c1997.
Series:CRM monograph series ; 8
Subjects:
Tags: Add Tag
No Tags, Be the first to tag this record!

MARC

LEADER 00000cam a2200000 i 4500
001 1/90684
008 990930s1997####riu| ||| |||| ||eng||
020 |a 0821809091 
035 |l 10053217 
040 |a GR-MyUA  |b gre  |e AACR2 
041 0 |a eng 
082 0 |a 332.0151 
100 1 |a Καρατζάς, Ιωάννης. 
245 1 0 |a Lectures on the mathematics of finance /   |c Ioannis Karatzas.  
260 |a Providence, Rhode island :   |b American Mathematical Society,   |c c1997.  
300 |a xii, 148 σ. ;   |c 24 εκ.  
490 1 |a (CRM monograph series   |v ; 8)  
500 |a Center de Recherches Mathematiques. University de Montreal 
650 0 0 |a Business mathematics. 
830 0 |a CRM monograph series ;  |v  8 
852 |a INST  |b SAMOS  |e 19990930  |h 332.0151 KAR  |p 005300012416  |q 005300012416  |t BK  |y 0 
901 |a BIBL3-1999-3 
909 |a Σ  |b 063331 
922 |a 3ΕΛΗ  |b 199907  |c ΕΠΕΑΕΚ/ΜΑΘ  |d ΠΑΠΑΣΩΤΗΡΙΟΥ 
970 |a ΓΕΝΟΥΖΟΥ  |b ΧΡΥΣΑΝΘΗ  |z 1999/09/30